Finite element modeling of JF-17 wing (Record no. 323072)

000 -LEADER
fixed length control field 00345 a2200133 4500
001 - CONTROL NUMBER
control field 87999
082 ## - DEWEY DECIMAL CLASSIFICATION NUMBER
Classification number PR 298
090 ## - LOCALLY ASSIGNED LC-TYPE CALL NUMBER (OCLC); LOCAL CALL NUMBER (RLIN)
-- 41468
-- 41468
100 ## - MAIN ENTRY--PERSONAL NAME
Personal name Ihtisham Khalid; Abdul Munem Khan, Advisor
245 ## - TITLE STATEMENT
Title Finite element modeling of JF-17 wing
Number of part/section of a work G-68
260 ## - PUBLICATION, DISTRIBUTION, ETC.
Place of publication, distribution, etc. Risalpur
Name of publisher, distributor, etc. NUST
Date of publication, distribution, etc. 2010
300 ## - PHYSICAL DESCRIPTION
Extent 45 p.
500 ## - GENERAL NOTE
General note BE project reports AE
942 ## - ADDED ENTRY ELEMENTS (KOHA)
Institution code [OBSOLETE] CAE NUST
Call number prefix PR 298
Holdings
Withdrawn status Lost status Damaged status Not for loan Collection code Permanent Location Current Location Date acquired Total Checkouts Full call number Barcode Date last seen Price effective from Koha item type
          College of Aeronautical Engineering (CAE) College of Aeronautical Engineering (CAE) 04/03/2017   PR 298 CAEPR-298 04/05/2017 04/05/2017 Book
© 2023 Central Library, National University of Sciences and Technology. All Rights Reserved.